Classement premier league au 08/12/2019 - Statistiques

Statistiques générales
  • Ce quiz a été pris 89 fois
  • Le résultat moyen est 7 sur 20
Statistiques - réponses
classement Equipe % Correct
1 Liverpool
100%
3 Manchester city
78%
2 Leicester
76%
4 Chelsea
74%
5 Manchester United
65%
7 Tottenham
49%
11 Arsenal
45%
14 Everton
23%
20 Watford
22%
10 Newcastle
21%
8 Sheffield
19%
17 Aston Villa
18%
19 Norwich
18%
18 Southampton
15%
12 Brighton
14%
6 Wolves
14%
16 West Ham
13%
15 Bournemouth
10%
13 Burnley
9%
9 Crystal Palace
9%
Aucun quiz correspondant
Distribution des résultats
% des personnes avec chaque résultat
Percentile par nombre de réponses
Votre historique - résultats
Vous n’avez pas pris ce quiz